LEADER 01437nam a2200277 u 4500 001 000000020329 003 CaOOAMICUS 005 20070226110904.0 008 950218s1938 wau u000 u eng u 035 $a10495262 040 $aBAV$bita$dPUL(R)$dBAV-R2 100 1 $aMoriarty, Francis Edwin,$dn. 1909.$0(OLS)http://pul/name/17676 245 14$aThe extraordinary absolution from censures :$ban historical synopsis and commentary /$cby the Rev. Francis E. Moriarty. 260 $aWashington, D.C. :$bThe Catholic University of America,$c1938. 300 $axv, 334 p. ;$c23 cm 490 1 $aCanon law studies (Catholic University of America) ;$v113 502 $aDis. -- Catholic University of America. Faculty of Canon Law, 1938. 504 $a"Bibliographical note": p. 329-334. 650 4$aDiritto canonico.$0(OLS)http://pul/subject/1294 710 2 $aCatholic University of America.$0(OLS)http://pul/name/633 830 0$aCanon law studies (Catholic University of America) ;$v113.$0(OLS)http://pul/title/10927 850 $aPUL 852 $aPUL$W1$xDP1 Fondo Ciprotti$y59$m1543 E 25$j28553$nBK-PRI$b $qFondi$B28553$CPULBib$Z2$F28553 $H $81 941 1 $a1 996 $6245$aThe extraordinary absolution from censures :$ban historical synopsis and commentary$9(OLS)http://pul/title/28646 996 $6260$aWashington, D.C. :$bThe Catholic University of America$9(OLS)http://pul/publisher/62694 LEADER 01045nam a2200265 u 4500 001 000000043044 003 CaOOAMICUS 005 20120427111312.0 008 990318s1969 it u000 u ita u 035 $a10817424 040 $aPUL(R)$bita 100 1 $aRadi, Luciano,$d1922-$0(OLS)http://pul/name/31438 245 10$aPotere democratico e forze economiche /$cLuciano Radi. 260 $aRoma :$bEdizioni Cinque Lune,$c1969. 300 $a97 p. ;$c21 cm 490 1 $aEconomia e diritto ;$v5 504 $aBibliografia in nota. 650 4$aDemocrazia$xTeorie.$0(OLS)http://pul/subject/20052 830 0$aEconomia e diritto ;$v5.$0(OLS)http://pul/title/58058 850 $aPUL 852 $aPUL$W1$xDP1 Cons. Gen., Altre Classi 1$y22$m44 H 7$j58046$nBK-PRI$b $qStampati$B58046$CPULBib$Z2$F58046 $H $81 941 1 $a8 961 $aINV: 33763 996 $6245$aPotere democratico e forze economiche$9(OLS)http://pul/title/58057 996 $6260$aRoma :$bEdizioni Cinque Lune$9(OLS)http://pul/publisher/49219 LEADER 01322nam a2200301 u 4500 001 000000058561 003 CaOOAMICUS 005 20070226120715.0 008 010607s1992 it u000 u ita u 020 $a8831755668 035 $a10891715 040 $aPUL(R)$bita 100 1 $aBorio, Antonio.$0(OLS)http://pul/name/40601 245 10$aMaledetta Isabella maledetto Colombo :$bgli ebrei, gli indiani, l'evangelizzazione come sterminio /$cAnna Borioni [e] Massimo Pieri. 250 $a2. ed. 260 $aVenezia :$bMarsilio,$c1992. 300 $a274 p. ;$c21 cm 490 1 $aI Grilli Marsilio 504 $aBibliografia generale: p. 271-274. 651 4$aAmerica$xScoperta ed esplorazione.$0(OLS)http://pul/subject/23028 700 1 $aPieri, Massimo.$0(OLS)http://pul/name/40602 830 2$aI Grilli Marsilio.$0(OLS)http://pul/title/15426 850 $aPUL 852 $aPUL$W1$xDP1 Altre Collocazioni$y17$mSenza collocazione$j12$nBK-PRI$b $qStampati$B76490$CPULBib$Z2$F76490 $H $81 941 1 $a8 996 $6020$a8831755668$9(OLS)http://pul/number/74254 996 $6245$aMaledetta Isabella maledetto Colombo :$bgli ebrei, gli indiani, l'evangelizzazione come sterminio$9(OLS)http://pul/title/78449 996 $6260$aVenezia :$bMarsilio$9(OLS)http://pul/publisher/52932